000 00317nam a22001337a 4500
008 171023b xxu||||| |||| 00| 0 eng d
020 _a9780130205452
041 _aeng
080 _a311
100 _a55
101 _aSTA
245 _aSTATISTICS, DATA ANALYSIS, AND DECISION MODELING
_cEVANS,J,R
942 _2udc
_cBK
999 _c35531
_d35531